000 00450nam a22001697a 4500
003 OSt
005 20260428014810.0
008 260428b |||||||| |||| 00| 0 eng d
020 _a9789831978528
040 _aDWCL GS lib
_cOC
082 _aRes. 510 Sa159s
245 _aSuper Genius :
_bScience Quiz /
260 _aMalaysia
_bSynergy Media
300 _a127 pages
_billustrations
_c13cm.
546 _aEnglish
942 _2ddc
_cBK-0 CIRC
_hRes.
_n0
999 _c9982
_d9982